Electron microscopy and cell structure / (Record no. 74817)
[ view plain ]
| 000 -LEADER | |
|---|---|
| fixed length control field | 01165nam a2200337 i 4500 |
| 001 - CONTROL NUMBER | |
| control field | 74817 |
| 003 - CONTROL NUMBER IDENTIFIER | |
| rucl marc code | BD-RjUL |
| 005 - DATE AND TIME OF LATEST TRANSACTION | |
| control field | 20211209082616.0 |
| 008 - FIXED-LENGTH DATA ELEMENTS--GENERAL INFORMATION | |
| fixed length control field | 181208s1975 enka bp 001 0 eng |
| 020 ## - INTERNATIONAL STANDARD BOOK NUMBER | |
| International Standard Book Number | 052120657X. |
| -- | 0521205573 |
| 035 ## - SYSTEM CONTROL NUMBER | |
| System control number | (BD-RjUL)75035 |
| 040 ## - CATALOGING SOURCE | |
| Original cataloging agency | DLC |
| Transcribing agency | DLC |
| Modifying agency | DLC |
| -- | BD-RjUL |
| Language of cataloging | eng |
| 041 ## - LANGUAGE CODE | |
| Language code of text/sound track or separate title | eng |
| 082 00 - DEWEY DECIMAL CLASSIFICATION NUMBER | |
| Edition number | 23 |
| Classification number | 571.6 |
| Author mark and year | TRE 1975 |
| 100 1# - MAIN ENTRY--PERSONAL NAME | |
| Personal name | Tribe, Michael A. |
| 9 (RLIN) | 225725 |
| 245 10 - TITLE STATEMENT | |
| Title | Electron microscopy and cell structure / |
| Statement of responsibility, etc. | Michael A. Tribe, Michael R. Eraut & Roger K. Snook. |
| 260 ## - PUBLICATION, DISTRIBUTION, ETC. (IMPRINT) | |
| Place of publication, distribution, etc. | Cambridge [Eng.] ; |
| -- | New York : |
| Name of publisher, distributor, etc. | Cambridge University Press, |
| Date of publication, distribution, etc. | 1975. |
| 300 ## - PHYSICAL DESCRIPTION | |
| Pagination | viii, 117 p. : |
| Illustrations | ill. ; |
| Size | 30 cm. |
| 490 1# - SERIES STATEMENT | |
| Series statement | Basic biology course ; book 2 : Unit 1, Microscopy and its application to biology |
| 500 ## - GENERAL NOTE | |
| General note | Includes index. |
| 504 ## - BIBLIOGRAPHY, ETC. NOTE | |
| Bibliography, etc | Bibliography: p. 116. |
| 650 #0 - SUBJECT ADDED ENTRY--TOPICAL TERM | |
| Topical term or geographic name as entry element | Cytology |
| General subdivision | Programmed instruction. |
| 9 (RLIN) | 225726 |
| Topical term or geographic name as entry element | Electron microscopy |
| General subdivision | Programmed instruction. |
| 9 (RLIN) | 225727 |
| 700 1# - ADDED ENTRY--PERSONAL NAME | |
| Personal name | Eraut, Michael, |
| Personal name | Snook, Roger K., |
| 830 #0 - SERIES ADDED ENTRY--UNIFORM TITLE | |
| Uniform title | Basic biology course ; |
| Volume number/sequential designation | book 2. |
| 942 ## - ADDED ENTRY ELEMENTS (KOHA) | |
| Source of classification or shelving scheme | Dewey Decimal Classification |
| Koha item type | Books |
| Lost status | Source of classification or shelving scheme | Damaged status | Not for loan | Collection code | Permanent Location | Current Location | Shelving location | Date acquired | Source of acquisition | Cost, normal purchase price | Total Checkouts | Full call number | Date last seen | Copy number | Koha item type |
|---|---|---|---|---|---|---|---|---|---|---|---|---|---|---|---|
| Dewey Decimal Classification | Not For Loan | Non-fiction | Central Library, University of Rajshahi | Central Library, University of Rajshahi | Reading Room | 31/08/1979 | Heffers. | 8.00 | 571.6 TRE 1975 | 08/12/2018 | C-1 | Books | |||
| Dewey Decimal Classification | Non-fiction | Central Library, University of Rajshahi | Central Library, University of Rajshahi | 31/08/1979 | Heffers. | 8.00 | 571.6 TRE 1975 | 09/12/2018 | C-2 | Books |